000 00738nam a2200277Ia 4500
005 20250425160700.0
008 250425s9999 xx 000 0 und d
020 _a9978860223
041 _aspa
043 _aec
082 _a928.866
100 _aBARRERA, ISAAC J.
245 0 _aHISTORIADORES Y CRITICOS LITERARIOS
250 _a1A ED.
260 _aEcuador
_bCORPORACION DE ESTUDIOS Y PUBLICACIONES
_c1989
260 _aQUITO
300 _a548
650 _aHISTORIADORES ECUATORIANOS
650 _aHISTORIADORES ECUATORIANOS
650 _aHISTORIADORES ECUATORIANOS
650 _aLITERATOS ECUATORIANOS
650 _aLITERATOS ECUATORIANOS
650 _aLITERATOS ECUATORIANOS
942 _c01
010 _a2218
999 _c194039
_d194039